[Event "FIDE World Senior Team Championship 2020"]
[Site "Olympik hotel, Sokolovska 138, Prague"]
[Date "2020.03.09"]
[Round "4.8.2"]
[White "Jurek, Josef"]
[Black "Van Herck, Marcel"]
[Result "1/2-1/2"]
[WhiteElo "2254"]
[BlackElo "2056"]
[PlyCount "103"]
[WhiteTeam "CZE2"]
[BlackTeam "BEL"]
[EventDate "2020.03.06"]

1. d4 Nf6 2. c4 e6 3. Nf3 d5 4. g3 c6 5. Qc2 Be7 6. Bg2 O-O 7. O-O Nbd7 8. b3
b6 9. Rd1 Bb7 10. Nc3 Rc8 11. e4 dxe4 12. Nxe4 c5 13. Nxf6+ Bxf6 14. Ng5 Bxg5
15. Bxb7 Rc7 16. dxc5 Bxc1 17. Raxc1 bxc5 18. Be4 g6 19. Qc3 Qe7 20. Qa5 Nf6
21. Bf3 Rd8 22. Rxd8+ Qxd8 23. Rd1 Qb8 24. a3 Rd7 25. Qxc5 Qxb3 26. Qc8+ Kg7
27. Rxd7 Nxd7 28. Qxd7 Qxf3 29. Qd4+ Qf6 30. Qe3 a6 31. c5 e5 32. Qc3 e4 33.
Qc1 Qc6 34. h4 Kf6 35. Qc4 Ke7 36. a4 f5 37. a5 e3 38. fxe3 Qf3 39. Qd4 Qxg3+
40. Kf1 Qf3+ 41. Ke1 Qc6 42. Qe5+ Qe6 43. Qc7+ Ke8 44. Kf2 Qa2+ 45. Kg3 Qe6 46.
Qb8+ Kf7 47. Qb7+ Ke8 48. Kf3 h6 49. Qb4 Kd7 50. Qb7+ Ke8 51. Kf2 Qa2+ 52. Kf3
1/2-1/2

[Event "FIDE World Senior Team Championship 2020"]
[Site "Olympik hotel, Sokolovska 138, Prague"]
[Date "2020.03.09"]
[Round "4.8.3"]
[White "Aragones-Melhem, Georgy"]
[Black "Michenka, Jozef"]
[Result "0-1"]
[WhiteElo "2106"]
[BlackElo "2291"]
[PlyCount "146"]
[WhiteTeam "BEL"]
[BlackTeam "CZE2"]
[EventDate "2020.03.06"]

1. e4 c5 2. Nf3 d6 3. d4 cxd4 4. Qxd4 Nc6 5. Bb5 Bd7 6. Bxc6 Bxc6 7. Nc3 Nf6 8.
Bg5 e6 9. O-O Be7 10. Rad1 O-O 11. Rfe1 h6 12. Bh4 Qc7 13. Bg3 Rfd8 14. h3 b5
15. a4 e5 16. Qb4 a5 17. Nxb5 Qb7 18. Qb3 Nxe4 19. Nc3 Nxc3 20. Qxb7 Bxb7 21.
bxc3 Kf8 22. Nd2 Rdc8 23. c4 Rab8 24. c5 Rxc5 25. Nb3 Rxc2 26. Nxa5 Bc8 27. Rc1
Rxc1 28. Rxc1 Bd7 29. f4 f6 30. fxe5 dxe5 31. Rc7 Bxa4 32. Nc6 Bxc6 33. Rxc6
Kf7 34. Kf2 Rb6 35. Rc2 Ke6 36. Ke2 f5 37. Bf2 Ra6 38. g4 g6 39. gxf5+ gxf5 40.
Rc8 e4 41. Re8 Kf7 42. Rh8 Bf8 43. Be3 Rg6 44. h4 Rf6 45. Bd4 Ra6 46. h5 Ra2+
47. Ke3 Ra3+ 48. Ke2 Rd3 49. Rh7+ Ke6 50. Be3 Ra3 51. Bxh6 Ra2+ 52. Kf1 Bxh6
53. Rxh6+ Ke5 54. Rb6 Kf4 55. Kg1 Kf3 56. h6 Rg2+ 57. Kh1 Rg5 58. Rb2 Rg8 59.
h7 Rd8 60. Rd2 Rh8 61. Rh2 f4 62. Kg1 Ke3 63. Kf1 f3 64. Ke1 Kf4 65. Rh4+ Kg3
66. Rh6 e3 67. Rg6+ Kf4 68. Rf6+ Ke4 69. Re6+ Kd4 70. Rh6 Ke5 71. Rh3 Ke4 72.
Rh4+ Kd3 73. Rh3 Rb8 0-1

[Event "FIDE World Senior Team Championship 2020"]
[Site "Olympik hotel, Sokolovska 138, Prague"]
[Date "2020.03.09"]
[Round "4.9.2"]
[White "Singer, Hans"]
[Black "Luethke, Hans-Eckart"]
[Result "1-0"]
[WhiteElo "2168"]
[BlackElo "2091"]
[PlyCount "53"]
[WhiteTeam "AUT1"]
[BlackTeam "GER8"]
[EventDate "2020.03.06"]

1. c4 e6 2. Nc3 d5 3. d4 Be7 4. Nf3 c6 5. e4 dxe4 6. Nxe4 Nf6 7. Bd3 Nxe4 8.
Bxe4 Nd7 9. O-O Nf6 10. Bc2 O-O 11. Qd3 c5 12. Bg5 g6 13. dxc5 Qc7 14. Qc3 Ne8
15. Bxe7 Qxe7 16. b4 f6 17. Rad1 e5 18. Be4 Kg7 19. a3 Nc7 20. Rd6 Rb8 21. Rfd1
Be6 22. h3 Qf7 23. a4 Rfe8 24. b5 Re7 25. c6 bxc6 26. Rxc6 Ne8 27. Nxe5 1-0

[Event "FIDE World Senior Team Championship 2020"]
[Site "Olympik hotel, Sokolovska 138, Prague"]
[Date "2020.03.09"]
[Round "4.10.4"]
[White "Seibold, Hubert, Dr."]
[Black "Nickl, Klaus"]
[Result "1/2-1/2"]
[WhiteElo "2123"]
[BlackElo "1946"]
[PlyCount "106"]
[WhiteTeam "GER5"]
[BlackTeam "AUT2"]
[EventDate "2020.03.06"]

1. c4 Nf6 2. g3 g6 3. Bg2 Bg7 4. Nc3 O-O 5. Nf3 Nc6 6. O-O e5 7. d4 d6 8. dxe5
Nxe5 9. Nxe5 dxe5 10. Qxd8 Rxd8 11. Bg5 Re8 12. Nb5 Re7 13. f4 e4 14. Nc3 Bf5
15. Bxf6 Bxf6 16. Nd5 Kg7 17. Nxe7 Bxe7 18. e3 h5 19. Rad1 a5 20. a3 a4 21. Rd2
Ra6 22. Rc1 Rb6 23. c5 Rb3 24. Kf2 b5 25. cxb6 cxb6 26. Bf1 Bc5 27. Rc3 Rxc3
28. bxc3 Be6 29. c4 Bxa3 30. Ra2 Bc5 31. Rxa4 f5 32. Ra8 Kf6 33. Rb8 Kg7 34. h3
Kf7 35. Ra8 Kg7 36. Ra2 Kf7 37. Rb2 Ke7 38. Rb3 Kf6 39. Be2 Kg7 40. Rc3 Kf6 41.
Bd1 Kg7 42. Ba4 Kf6 43. Bb5 Ke7 44. Rc2 Bb4 45. Ra2 Ba5 46. Rc2 Bb4 47. Rc1 Bc5
48. Ra1 Kf8 49. Ra4 Ke7 50. Ke2 Kf6 51. Be8 Bd6 52. Kd2 Bc5 53. Bc6 Bf7 1/2-1/2

[Event "FIDE World Senior Team Championship 2020"]
[Site "Olympik hotel, Sokolovska 138, Prague"]
[Date "2020.03.09"]
[Round "4.11.1"]
[White "Ogaard, Leif"]
[Black "Jimenez Molina, Juan Leon"]
[Result "1-0"]
[WhiteElo "2362"]
[BlackElo "2174"]
[PlyCount "57"]
[WhiteTeam "NOR1"]
[BlackTeam "CRC"]
[EventDate "2020.03.06"]

1. d4 g6 2. c4 c5 3. d5 d6 4. e4 Bg7 5. Be2 Nf6 6. Nc3 O-O 7. Nf3 Na6 8. O-O
Nc7 9. Bf4 Nh5 10. Bg5 h6 11. Be3 a6 12. Qd2 Kh7 13. h3 Rb8 14. a4 Bd7 15. e5
dxe5 16. Bxc5 Nf4 17. Rfe1 Qc8 18. Bf1 Ncxd5 19. cxd5 Qxc5 20. Nxe5 Bxe5 21.
Rxe5 g5 22. Ne4 Qc8 23. Rxe7 Bxh3 24. gxh3 Nxh3+ 25. Bxh3 Qxh3 26. Ra3 Qf5 27.
Qd4 Rbd8 28. Re5 Qg6 29. Rxg5 1-0

[Event "FIDE World Senior Team Championship 2020"]
[Site "Olympik hotel, Sokolovska 138, Prague"]
[Date "2020.03.09"]
[Round "4.11.2"]
[White "Piza Volio, Eduardo"]
[Black "Heim, Sverre"]
[Result "0-1"]
[WhiteElo "2255"]
[BlackElo "2316"]
[PlyCount "82"]
[WhiteTeam "CRC"]
[BlackTeam "NOR1"]
[EventDate "2020.03.06"]

1. e4 e6 2. d4 d5 3. Nd2 Be7 4. Ngf3 Nf6 5. exd5 exd5 6. Bd3 Bg4 7. h3 Bh5 8.
O-O Bg6 9. Ne5 Bxd3 10. Nxd3 O-O 11. Re1 Bd6 12. Nf1 Nbd7 13. Qf3 c6 14. Bf4
Qc7 15. a4 Rfe8 16. Bxd6 Qxd6 17. Ng3 g6 18. a5 Rxe1+ 19. Rxe1 Re8 20. Rxe8+
Nxe8 21. Qe3 Ng7 22. Qh6 Ne6 23. c3 c5 24. f4 cxd4 25. cxd4 Nxd4 26. Qg5 f6 27.
Qg4 f5 28. Qd1 a6 29. Qa4 Nb5 30. Ne2 Nc5 31. Qc2 Nxd3 32. Qxd3 Qc5+ 33. Kh2
Qc4 34. Qe3 Qe4 35. Qd2 d4 36. Nc1 Nd6 37. Nd3 Nc4 38. Qc2 Ne3 39. Qc8+ Kg7 40.
Qc7+ Kh6 41. Ne1 Nf1+ 0-1

[Event "FIDE World Senior Team Championship 2020"]
[Site "Olympik hotel, Sokolovska 138,"]
[Date "2020.03.09"]
[Round "4.13"]
[White "Nordstrom, Felix"]
[Black "White, Alastair F"]
[Result "1/2-1/2"]
[WhiteElo "2091"]
[BlackElo "2052"]
[PlyCount "59"]
[EventDate "2020.03.06"]
[WhiteTeam "SWE2"]
[BlackTeam "SCO"]

1. d4 d6 2. c4 e5 3. Nc3 exd4 4. Qxd4 Nc6 5. Qd2 g6 6. b3 Bg7 7. Bb2 Nf6 8. g3
O-O 9. Bg2 Bf5 10. Nh3 Re8 11. O-O d5 12. cxd5 Bxh3 13. Bxh3 Nxd5 14. Nxd5 Bxb2
15. Qxb2 Qxd5 16. Bg2 Qe5 17. Qxe5 Rxe5 18. Bxc6 bxc6 19. e3 Rd8 20. Rfc1 Rd6
21. Rc2 Ra5 22. Rac1 Ra6 23. h4 f6 24. Kf1 Kf7 25. Ke2 Ke8 26. Rd1 Kd7 27. Rd3
Ra5 28. Rcd2 f5 29. a4 Ke6 30. f3 1/2-1/2

[Event "FIDE World Senior Team Championship 2020"]
[Site "Olympik hotel, Sokolovska 138,"]
[Date "2020.03.09"]
[Round "4.13"]
[White "Scrimgour, Alan"]
[Black "Carlsten, Peter"]
[Result "1/2-1/2"]
[WhiteElo "2059"]
[BlackElo "1922"]
[PlyCount "45"]
[EventDate "2020.03.06"]
[WhiteTeam "SCO"]
[BlackTeam "SWE2"]

1. e4 c5 2. Nf3 Nc6 3. b3 d6 4. Bb2 Nf6 5. Nc3 Bg4 6. Bb5 e6 7. h3 Bh5 8. d4
cxd4 9. Qxd4 Qa5 10. O-O-O Bxf3 11. gxf3 a6 12. Bxc6+ bxc6 13. Rhg1 Nd7 14. f4
O-O-O 15. Na4 c5 16. Bc3 Qb5 17. Qd2 Rg8 18. Ba5 Re8 19. c4 Qc6 20. f3 f6 21.
Qd3 g6 22. Kb1 Be7 23. Rd2 1/2-1/2

[Event "FIDE World Senior Team Championship 2020"]
[Site "Olympik hotel, Sokolovska 138,"]
[Date "2020.03.09"]
[Round "4.13"]
[White "Wihlborn, Bengt"]
[Black "Levy, David N L"]
[Result "1/2-1/2"]
[WhiteElo "1859"]
[BlackElo "2310"]
[PlyCount "43"]
[EventDate "2020.03.06"]
[WhiteTeam "SWE2"]
[BlackTeam "SCO"]

1. Nf3 c5 2. c4 Nf6 3. Nc3 g6 4. g3 Bg7 5. Bg2 O-O 6. d4 cxd4 7. Nxd4 Nc6 8.
O-O Ng4 9. e3 Nge5 10. Qe2 d6 11. Rd1 Bg4 12. f3 Bd7 13. b3 Qc8 14. Bb2 Re8 15.
Ne4 b6 16. Nf2 Rb8 17. h3 a6 18. f4 Nxd4 19. Bxd4 Nc6 20. Bxg7 Kxg7 21. Kh2 Nd8
22. Rac1 1/2-1/2

[Event "FIDE World Senior Team Championship 2020"]
[Site "Olympik hotel, Sokolovska 138,"]
[Date "2020.03.09"]
[Round "4.13"]
[White "McKerracher, Douglas"]
[Black "Dalling, Peter"]
[Result "1-0"]
[WhiteElo "1852"]
[BlackElo "1817"]
[PlyCount "71"]
[EventDate "2020.03.06"]
[WhiteTeam "SCO"]
[BlackTeam "SWE2"]

1. e4 e5 2. Nf3 Nf6 3. Nxe5 Nc6 4. Nxc6 dxc6 5. e5 Ng4 6. d4 h5 7. h3 Nh6 8.
Bc4 Qh4 9. Be3 Bf5 10. Nd2 O-O-O 11. Nf3 Qe7 12. O-O f6 13. c3 Be4 14. Re1 Bd5
15. Bxd5 Rxd5 16. Qc2 Qf7 17. Rad1 Be7 18. c4 Ra5 19. a3 g5 20. Qc3 Ra6 21. e6
Qf8 22. Qd3 g4 23. Bxh6 Qxh6 24. Nh4 gxh3 25. Qxh3 Qg5 26. Re3 Ra5 27. Rg3 Qh6
28. c5 b6 29. Nf5 Qf8 30. Rg7 Kb7 31. Rxe7 Kb8 32. Qg3 Qc8 33. Qf3 Re8 34. Qxc6
Rxe7 35. Nxe7 Qd8 36. Qd7 1-0

[Event "FIDE World Senior Team Championship 2020"]
[Site "Olympik hotel, Sokolovska 138,"]
[Date "2020.03.09"]
[Round "4.14"]
[White "Renman, Nils-Gustaf"]
[Black "Ruzicka, Zdenek"]
[Result "1/2-1/2"]
[WhiteElo "2307"]
[BlackElo "2163"]
[PlyCount "77"]
[EventDate "2020.03.06"]
[WhiteTeam "SWE1"]
[BlackTeam "CZE4"]

1. d4 d6 2. Nf3 Bg4 3. e3 e6 4. h3 Bh5 5. c4 Be7 6. Be2 Nd7 7. Nc3 c6 8. e4 e5
9. Be3 Ngf6 10. Qc2 Bg6 11. Nh4 Nh5 12. Nxg6 hxg6 13. g3 Bg5 14. Qd2 Bxe3 15.
Qxe3 Qb6 16. O-O-O O-O-O 17. Na4 Qa5 18. b3 Nb6 19. Nc3 Qa3+ 20. Kb1 Nf6 21.
dxe5 dxe5 22. c5 Nbd7 23. Na4 Qb4 24. Bc4 b5 25. cxb6 Nxb6 26. Nxb6+ axb6 27.
a3 Qc5 28. Qxc5 bxc5 29. Bxf7 Nxe4 30. Rxd8+ Kxd8 31. Re1 Nxf2 32. h4 g5 33.
Rxe5 gxh4 34. gxh4 Rxh4 35. Rxc5 Nd3 36. Rg5 Ke7 37. Bc4 Kf6 38. Rg1 Ne5 39.
Rf1+ 1/2-1/2

[Event "FIDE World Senior Team Championship 2020"]
[Site "Olympik hotel, Sokolovska 138,"]
[Date "2020.03.09"]
[Round "4.14"]
[White "Jedlicka, Vladimir"]
[Black "Wahlbom, Magnus"]
[Result "0-1"]
[WhiteElo "2068"]
[BlackElo "2176"]
[PlyCount "86"]
[EventDate "2020.03.06"]
[WhiteTeam "CZE4"]
[BlackTeam "SWE1"]

1. d4 Nf6 2. c4 e6 3. Nc3 Bb4 4. e3 c5 5. Nge2 cxd4 6. exd4 O-O 7. a3 Be7 8.
Ng3 d5 9. Be3 b6 10. cxd5 Nxd5 11. Nxd5 Qxd5 12. Bd3 Bb7 13. Be4 Qd7 14. Bxb7
Qxb7 15. O-O Rd8 16. Qg4 Qd5 17. Nh5 g6 18. Nf4 Qe4 19. Rfe1 Nd7 20. Rad1 Nf6
21. Qh3 Nd5 22. Nd3 Nxe3 23. fxe3 Rac8 24. Rf1 Bg5 25. Rf3 Qh4 26. Qxh4 Bxh4
27. Rd2 Bg5 28. Ne5 f6 29. Ng4 f5 30. Ne5 Bf6 31. Nd3 e5 32. dxe5 Bxe5 33. Rd1
Rc7 34. Nf2 Rxd1+ 35. Nxd1 Rc1 36. Rf1 Rb1 37. h3 a5 38. a4 Kg7 39. Re1 Bxb2
40. Kf2 Be5 41. e4 f4 42. Ke2 Ra1 43. Nf2 Rxa4 0-1

[Event "FIDE World Senior Team Championship 2020"]
[Site "Olympik hotel, Sokolovska 138,"]
[Date "2020.03.09"]
[Round "4.14"]
[White "Hammar, Bengt"]
[Black "Jacek, Miloslav"]
[Result "1-0"]
[WhiteElo "2142"]
[BlackElo "1962"]
[PlyCount "107"]
[EventDate "2020.03.06"]
[WhiteTeam "SWE1"]
[BlackTeam "CZE4"]

1. e4 c5 2. Nf3 Nf6 3. d3 d5 4. Nbd2 Bg4 5. h3 Bxf3 6. Qxf3 Nc6 7. c3 e6 8. Qe2
Be7 9. g3 Qc7 10. Bg2 O-O 11. O-O b5 12. a4 b4 13. Nf3 dxe4 14. dxe4 e5 15. Nd2
bxc3 16. bxc3 Na5 17. Ba3 Rab8 18. Rfb1 Rfd8 19. Rxb8 Rxb8 20. Nc4 Nxc4 21.
Qxc4 Nd7 22. Rd1 Nb6 23. Qa6 Rd8 24. Rxd8+ Bxd8 25. Qb5 Nd7 26. Bf1 Be7 27. Bc4
Bf8 28. Bd5 Nb6 29. Qc6 Qxc6 30. Bxc6 Bd6 31. Kf1 Nc4 32. Bc1 Kf8 33. Ke2 Ke7
34. Bb5 Na5 35. Kd3 Bc7 36. Bc4 f6 37. Bd5 Kd6 38. h4 Bb6 39. Ba3 Kd7 40. h5 h6
41. Ke2 Nc6 42. Bxc6+ Kxc6 43. Kd3 a6 44. Kc4 Kd6 45. Bc1 Kc6 46. Be3 Ba7 47.
f4 Kd6 48. f5 Bb6 49. g4 Ba7 50. a5 Kc6 51. g5 fxg5 52. Bxg5 Kd7 53. Bh4 Kd6
54. f6 1-0

[Event "FIDE World Senior Team Championship 2020"]
[Site "Olympik hotel, Sokolovska 138,"]
[Date "2020.03.09"]
[Round "4.14"]
[White "Hnat, Zdenek"]
[Black "Malmdin, Nils-Ake"]
[Result "0-1"]
[WhiteElo "1802"]
[BlackElo "2168"]
[PlyCount "38"]
[EventDate "2020.03.06"]
[WhiteTeam "CZE4"]
[BlackTeam "SWE1"]

1. e4 c5 2. a3 g6 3. b4 Bg7 4. Nc3 d6 5. g3 Nc6 6. b5 Nd4 7. Bg2 Nh6 8. f3 f5
9. Nge2 fxe4 10. O-O exf3 11. Bxf3 Nxf3+ 12. Rxf3 Bg4 13. Rf4 g5 14. Ra4 O-O
15. d4 cxd4 16. Rxd4 Bh3 17. Nf4 gxf4 18. Bxf4 Qb6 19. Be3 Rf1+ 0-1

[Event "FIDE World Senior Team Championship 2020"]
[Site "Olympik hotel, Sokolovska 138,"]
[Date "2020.03.09"]
[Round "4.15"]
[White "Bowmer, Kevin"]
[Black "Janda, Zdenek"]
[Result "0-1"]
[WhiteElo "2116"]
[BlackElo "2065"]
[PlyCount "108"]
[EventDate "2020.03.06"]
[WhiteTeam "ENG1"]
[BlackTeam "CZE3"]

1. e4 g6 2. d4 Bg7 3. Nc3 d6 4. f4 c6 5. Nf3 b5 6. Bd3 a6 7. O-O Nd7 8. e5 Nb6
9. Ne4 Nh6 10. h3 f5 11. Neg5 O-O 12. Re1 Nd5 13. Bd2 Nc7 14. a4 Bd7 15. axb5
axb5 16. Rxa8 Qxa8 17. exd6 exd6 18. Bb4 c5 19. dxc5 Nd5 20. Bc3 Bxc3 21. bxc3
Qa7 22. Kh2 Qxc5 23. Qd2 Nf7 24. Ne6 Bxe6 25. Rxe6 Nxc3 26. Re7 d5 27. Re1 Ne4
28. Qe3 Qxe3 29. Rxe3 Nfd6 30. Nd4 Rc8 31. Re1 Nc5 32. Bxb5 Nxb5 33. Nxb5 Ne4
34. Nd4 Rc4 35. Rd1 Kf7 36. Kg1 Nc3 37. Rd3 Rxd4 38. Rxc3 Rxf4 39. Rc7+ Kf6 40.
Rxh7 Rc4 41. Rd7 Ke5 42. Kf2 Rxc2+ 43. Kf3 Rc3+ 44. Kf2 g5 45. Rg7 Kf4 46. Ra7
Rc2+ 47. Kf1 d4 48. Rd7 Kg3 49. Rxd4 Rf2+ 50. Ke1 Kxg2 51. h4 g4 52. h5 Rf1+
53. Ke2 Rh1 54. Ke3 Kg3 0-1

[Event "FIDE World Senior Team Championship 2020"]
[Site "Olympik hotel, Sokolovska 138,"]
[Date "2020.03.09"]
[Round "4.15"]
[White "Mlynek, Petr"]
[Black "Stokes, Michael"]
[Result "1-0"]
[WhiteElo "2053"]
[BlackElo "2100"]
[PlyCount "103"]
[EventDate "2020.03.06"]
[WhiteTeam "CZE3"]
[BlackTeam "ENG1"]

1. d4 Nf6 2. c4 g6 3. Nf3 Bg7 4. g3 d6 5. Bg2 O-O 6. O-O Nc6 7. Nc3 Rb8 8. Bf4
Nd7 9. e4 e5 10. Bg5 f6 11. Be3 exd4 12. Nxd4 Nde5 13. b3 a6 14. h3 Nxd4 15.
Bxd4 Be6 16. f4 Nc6 17. Be3 f5 18. Rc1 Bxc3 19. Rxc3 Qf6 20. e5 dxe5 21. Bxc6
bxc6 22. fxe5 Qxe5 23. Bd4 Qd6 24. Rd3 Rbd8 25. Rff3 Qe7 26. Qe2 Kf7 27. Qe5
Qd6 28. Qg7+ Ke8 29. Qxh7 Qe7 30. Qxe7+ Kxe7 31. Bc5+ Rd6 32. Rd2 Rfd8 33. Re3
Kf7 34. Bxd6 cxd6 35. Rde2 Re8 36. b4 Bd7 37. Kf2 Re6 38. c5 d5 39. Rxe6 Bxe6
40. h4 Kf6 41. Kf3 d4 42. Kf4 Bc4 43. Rd2 d3 44. a4 Ke6 45. Ke3 Kd5 46. Rxd3+
Bxd3 47. Kxd3 Ke5 48. Kc4 Ke6 49. b5 cxb5+ 50. axb5 a5 51. b6 Kd7 52. Kb5 1-0

[Event "FIDE World Senior Team Championship 2020"]
[Site "Olympik hotel, Sokolovska 138,"]
[Date "2020.03.09"]
[Round "4.15"]
[White "Habershon, Paul F"]
[Black "Fencl, Vaclav"]
[Result "1-0"]
[WhiteElo "1988"]
[BlackElo "1857"]
[PlyCount "113"]
[EventDate "2020.03.06"]
[WhiteTeam "ENG1"]
[BlackTeam "CZE3"]

1. e4 e5 2. Nf3 d6 3. d4 Nf6 4. Nc3 Nbd7 5. Bc4 Be7 6. O-O O-O 7. h3 c6 8. a4
Qc7 9. Bg5 Re8 10. Bh4 h6 11. Bg3 Bf8 12. Re1 b6 13. Qd2 a6 14. Rad1 b5 15.
axb5 axb5 16. Bb3 Bb7 17. Nh4 b4 18. Na4 c5 19. dxc5 dxc5 20. Qd3 Ba6 21. c4
Rad8 22. Qe2 Bb7 23. Bc2 Nb8 24. Nf5 Nc6 25. f3 g6 26. Ne3 Nd4 27. Qf2 Kg7 28.
b3 Bd6 29. Nb2 Nd7 30. Nd5 Bxd5 31. exd5 f5 32. Qd2 Nf6 33. Bf2 Ra8 34. Ra1 Ra7
35. Be3 Kh7 36. Na4 Nxc2 37. Qxc2 e4 38. Qe2 f4 39. Bd2 Be5 40. Rab1 Bd4+ 41.
Kh2 Nh5 42. Qd1 e3 43. Bxb4 Ng7 44. Bc3 Nf5 45. Bxd4 cxd4 46. Nb2 Ra2 47. Nd3
Rd2 48. Qxd2 exd2 49. Rxe8 Ne3 50. Nf2 Qf7 51. Re6 Qf5 52. Re7+ Kg8 53. Ra1 Qf8
54. Rea7 d3 55. Ra8 d1=R 56. Rxf8+ Kxf8 57. Nxd1 1-0

[Event "FIDE World Senior Team Championship 2020"]
[Site "Olympik hotel, Sokolovska 138,"]
[Date "2020.03.09"]
[Round "4.16"]
[White "Juricek, Stanislav"]
[Black "Babula, Milan"]
[Result "1/2-1/2"]
[WhiteElo "2037"]
[BlackElo "2144"]
[PlyCount "29"]
[EventDate "2020.03.06"]
[WhiteTeam "CZE10"]
[BlackTeam "CZE6"]

1. e4 e6 2. d4 d5 3. Nc3 Be7 4. Nf3 Nf6 5. Bd3 b6 6. O-O c5 7. exd5 exd5 8.
Bb5+ Bd7 9. Re1 Bxb5 10. Nxb5 O-O 11. Bf4 a6 12. Nc3 Nc6 13. Bg3 Bd6 14. Bh4
Be7 15. Bg3 1/2-1/2

[Event "FIDE World Senior Team Championship 2020"]
[Site "Olympik hotel, Sokolovska 138,"]
[Date "2020.03.09"]
[Round "4.16"]
[White "Pacl, Vaclav"]
[Black "Martinak, Cyril"]
[Result "1-0"]
[WhiteElo "2006"]
[BlackElo "1801"]
[PlyCount "79"]
[EventDate "2020.03.06"]
[WhiteTeam "CZE6"]
[BlackTeam "CZE10"]

1. Nf3 Nf6 2. b3 g6 3. Bb2 Bg7 4. g3 d5 5. c4 c6 6. Bg2 dxc4 7. bxc4 O-O 8. O-O
Re8 9. Qc2 c5 10. Ne5 Nfd7 11. Nxd7 Bxb2 12. Qxb2 Qxd7 13. Nc3 Nc6 14. Nd5 Rb8
15. d3 Qd6 16. Rab1 Qe5 17. Qxe5 Nxe5 18. Nc7 Rd8 19. Na6 Ra8 20. Bxb7 Bxb7 21.
Rxb7 Nc6 22. Rfb1 Rac8 23. Kf1 e6 24. Nxc5 a5 25. Ne4 h6 26. R1b5 Ra8 27. Rc5
Ra6 28. Rc7 Nd4 29. Rc8 Ra8 30. Rxd8+ Rxd8 31. Nc3 Ra8 32. Ke1 a4 33. Nb5 Nf5
34. Kd2 Ra6 35. Kc3 Ne7 36. d4 Kg7 37. Rc7 Kf6 38. Ra7 Rc6 39. Rxa4 Nc8 40. Na7
1-0

[Event "FIDE World Senior Team Championship 2020"]
[Site "Olympik hotel, Sokolovska 138,"]
[Date "2020.03.09"]
[Round "4.16"]
[White "Novak, Josef"]
[Black "Vavruska, Antonin"]
[Result "1/2-1/2"]
[WhiteElo "1831"]
[BlackElo "1971"]
[PlyCount "188"]
[EventDate "2020.03.06"]
[WhiteTeam "CZE10"]
[BlackTeam "CZE6"]

1. e4 e6 2. d4 d5 3. e5 c5 4. c3 Qb6 5. Nf3 Bd7 6. Be2 Bb5 7. O-O Bxe2 8. Qxe2
Nc6 9. dxc5 Bxc5 10. b4 Bf8 11. a3 Nge7 12. c4 dxc4 13. Qxc4 Nd5 14. Nc3 Nxc3
15. Qxc3 Be7 16. Bg5 O-O 17. Rad1 Rac8 18. Qa1 h6 19. Be3 Qb5 20. Rd7 Rfd8 21.
Rfd1 Rxd7 22. Rxd7 Bd8 23. Bc5 Bc7 24. Bd6 Bb6 25. a4 Qd5 26. Qc1 Ne7 27. Qd2
Qxd2 28. Nxd2 Rc1+ 29. Nf1 Nd5 30. Bc5 Bxc5 31. bxc5 Rxc5 32. Rxb7 Ra5 33. Rb8+
Kh7 34. Rb7 Kg6 35. g3 Rxa4 36. Nd2 Ra2 37. Nf3 f5 38. Nd4 Ra6 39. Kg2 Kh7 40.
Nb5 Rb6 41. Rxb6 axb6 42. Nd4 Nc7 43. Kf3 Kg8 44. Ke2 Kf7 45. f4 g5 46. h3 gxf4
47. gxf4 b5 48. Kf3 b4 49. Nb3 Nd5 50. h4 h5 51. Nd4 Ke7 52. Nb3 Kd8 53. Nd4
Kd7 54. Nb3 Kc8 55. Nc5 Kb8 56. Ke2 Nxf4+ 57. Ke3 Ng6 58. Kd4 Nxh4 59. Nxe6
Nf3+ 60. Kc4 Nxe5+ 61. Kxb4 h4 62. Nf4 Ng6 63. Nh3 Kc7 64. Kc5 Kd7 65. Kd5 Ke7
66. Kd4 Kf6 67. Ke3 Ke5 68. Kf3 Nf8 69. Nf2 Ne6 70. Nd3+ Kf6 71. Kg2 Kg5 72.
Ne5 Nf4+ 73. Kh2 Ng6 74. Nf7+ Kg4 75. Nh6+ Kg5 76. Nf7+ Kf4 77. Kh3 Kf3 78.
Ng5+ Kf2 79. Ne6 Ke3 80. Ng5 Ke2 81. Ne6 Ke3 82. Ng5 Kf2 83. Ne6 Ke3 84. Ng5
Ne5 85. Ne6 Nf3 86. Ng7 Kf4 87. Nh5+ Ke3 88. Ng7 f4 89. Kg4 Nd4 90. Kxh4 f3 91.
Nh5 Nf5+ 92. Kh3 Ke2 93. Nf4+ Ke1 94. Kh2 Kd2 1/2-1/2

[Event "FIDE World Senior Team Championship 2020"]
[Site "Olympik hotel, Sokolovska 138,"]
[Date "2020.03.09"]
[Round "4.16"]
[White "Nespor, Ivan"]
[Black "Vlachopulos, Elefteris"]
[Result "0-1"]
[WhiteElo "1707"]
[BlackElo "1709"]
[PlyCount "46"]
[EventDate "2020.03.06"]
[WhiteTeam "CZE6"]
[BlackTeam "CZE10"]

1. Nf3 c5 2. c4 g6 3. Nc3 Bg7 4. g3 b6 5. Bg2 Bb7 6. O-O Nc6 7. a3 e6 8. d3
Nge7 9. Bg5 h6 10. Bd2 O-O 11. Qc1 Kh7 12. e4 d5 13. exd5 exd5 14. cxd5 Na5 15.
Qc2 c4 16. dxc4 Nxc4 17. Rad1 Rc8 18. d6 Nd5 19. Bh3 f5 20. Nh4 Nxd6 21. g4
Qxh4 22. gxf5 Qxh3 23. fxg6+ Kh8 0-1

[Event "FIDE World Senior Team Championship 2020"]
[Site "Olympik hotel, Sokolovska 138,"]
[Date "2020.03.09"]
[Round "4.17"]
[White "Gurtovoi, Borys"]
[Black "Koper, Stefan"]
[Result "1/2-1/2"]
[WhiteElo "1704"]
[BlackElo "1820"]
[PlyCount "83"]
[EventDate "2020.03.06"]
[WhiteTeam "UKR"]
[BlackTeam "CZE12"]

1. Nf3 g6 2. c4 Bg7 3. Nc3 c5 4. g3 Nc6 5. Bg2 e5 6. O-O d6 7. d3 Nge7 8. a3
O-O 9. Rb1 a5 10. h3 Rb8 11. Qc2 f6 12. Bd2 Be6 13. Nb5 Qd7 14. Kh2 g5 15. e3
Ng6 16. d4 exd4 17. exd4 Bf5 18. Qc1 Bxb1 19. Qxb1 b6 20. Be3 cxd4 21. Nfxd4
Nxd4 22. Nxd4 Ne7 23. Rd1 Rfd8 24. Nb5 Nf5 25. Be4 Nxe3 26. Bxh7+ Kh8 27. fxe3
Qe7 28. Qd3 Bf8 29. Bf5 Qe5 30. Nd4 d5 31. Nc6 Qxb2+ 32. Rd2 Qxa3 33. Qe2 Bh6
34. Qh5 Qf8 35. Nxb8 Rxb8 36. Rxd5 Rb7 37. Rd8 Qxd8 38. Qxh6+ Kg8 39. Be6+ Rf7
40. Qg6+ Kh8 41. Bxf7 Qd2+ 42. Kg1 1/2-1/2

[Event "FIDE World Senior Team Championship 2020"]
[Site "Olympik hotel, Sokolovska 138,"]
[Date "2020.03.09"]
[Round "4.17"]
[White "Konvalinka, Vladislav"]
[Black "Dovzhenko, Viktor"]
[Result "0-1"]
[WhiteElo "1722"]
[BlackElo "2069"]
[PlyCount "60"]
[EventDate "2020.03.06"]
[WhiteTeam "CZE12"]
[BlackTeam "UKR"]

1. d4 g6 2. Nf3 Bg7 3. c4 d6 4. Nc3 e5 5. e4 Nd7 6. Bg5 Ngf6 7. h3 exd4 8. Nxd4
O-O 9. Bd3 Re8 10. O-O c6 11. Re1 Qb6 12. Nb3 a5 13. Be3 Qc7 14. a4 Ne5 15. Bf1
Be6 16. Nd2 Rad8 17. f4 Ned7 18. f5 gxf5 19. exf5 Bxf5 20. Qf3 Bg6 21. Qf2 Re6
22. Nf3 Rde8 23. Nh4 Ne4 24. Nxe4 Bxe4 25. Bd4 Bxd4 26. Qxd4 Qb6 27. Rad1 Qxd4+
28. Rxd4 Nc5 29. Nf3 Bxf3 30. Rxe6 Nxe6 0-1

[Event "FIDE World Senior Team Championship 2020"]
[Site "Olympik hotel, Sokolovska 138,"]
[Date "2020.03.09"]
[Round "4.17"]
[White "Chubar, Vladimir"]
[Black "Valtera, Jiri"]
[Result "1-0"]
[WhiteElo "1991"]
[BlackElo "1865"]
[PlyCount "125"]
[EventDate "2020.03.06"]
[WhiteTeam "UKR"]
[BlackTeam "CZE12"]

1. Nf3 Nf6 2. d4 b6 3. Bg5 Bb7 4. e3 e6 5. Bd3 d5 6. Nbd2 Be7 7. Ne5 O-O 8. Qf3
c5 9. c3 Nbd7 10. Qh3 Ne4 11. Bxe7 Qxe7 12. Nxd7 Qxd7 13. f3 Nf6 14. g4 g6 15.
Qg3 Rac8 16. O-O-O Qc7 17. Qh4 Kg7 18. Kb1 e5 19. Bf5 Rce8 20. Rhe1 exd4 21.
cxd4 cxd4 22. g5 Ng8 23. Qxd4+ Qe5 24. Bd3 Qxd4 25. exd4 f6 26. h4 Kf7 27. Bb5
Re7 28. f4 Rxe1 29. Rxe1 h6 30. Nf3 hxg5 31. fxg5 Ne7 32. gxf6 Kxf6 33. Ne5 Rh8
34. Rf1+ Nf5 35. Nf3 Rh7 36. Bd3 Bc8 37. Rc1 Bb7 38. Rf1 Bc8 39. a3 Rc7 40. h5
Ng3 41. Rg1 Nxh5 42. Rxg6+ Ke7 43. Rg5 Nf6 44. Ne5 Ne4 45. Rg7+ Kd6 46. Rg6+
Ke7 47. Rc6 Rxc6 48. Nxc6+ Kd6 49. Nxa7 Bf5 50. Kc1 Bd7 51. Nb5+ Bxb5 52. Bxb5
Ng5 53. Kc2 Ne6 54. Kc3 Nc7 55. Bf1 Kc6 56. a4 Kd6 57. Bh3 Kc6 58. b4 Na8 59.
b5+ Kd6 60. Kb4 Kc7 61. Bg2 Kd6 62. a5 bxa5+ 63. Kxa5 1-0